Administración de Operaciones estratégica y análisis

Bibliographic Details
Main Author: Krajewski, Lee J.
Format: Section = Libro
Language:Undetermined
Spanish
Published: México Prentice Hall 2000
Edition:5a.ed.
Subjects:
LEADER 00717nam a2200229Ia 4500
008 240829s9999 xx 000 0 und d
020 |a 968-444-411-7 
040 |a BIBLIOTECA-RUPAP 658.152 k89 
041 |a spa 
082 |a 658.152 k89 
100 1 |a Krajewski, Lee J.  
245 1 0 |a Administración de Operaciones estratégica y análisis 
250 |a 5a.ed. 
260 |a México  |b Prentice Hall  |c 2000 
300 |a 928 p. :il. 
650 7 |a ADMINISTRACION DE OPERACIONES 
650 7 |b  ESTRATEGIA DE OPERACIONES 
650 7 |c  ADMINISTRACION DE INVENTARIO, SUMINISTRO 
650 7 |d  ADMINISTRACION - MEDICION DEL TRABAJO. I. Ritzman, Lary P, coaut. II. Tít. 
942 |c BK  |2 ddc 
991 |a TEXTO 
999 |c 9936